|
|
|
|
| LEADER |
01071cas a2200217 a 4500 |
| 001 |
AALejournalJSTOR001649 |
| 008 |
230228c9999 xx r poo 0 0eng d |
| 022 |
|
|
|a 1536-0385
|
| 022 |
|
|
|a 2328-9872
|
| 040 |
|
|
|a BD-DhAAL
|c BD-DhAAL
|
| 245 |
0 |
0 |
|h [electronic resource]
|a Memorandum (Institute of Pacific Relations, American Council)
|
| 260 |
|
|
|b University of California Press
|
| 300 |
|
|
|a 1 online resource
|
| 362 |
0 |
|
|a Vol. 1,
|a no. 1
|
| 500 |
|
|
|a <strong>Off-Campus Access:</strong> Athens ID and Password Required
|
| 500 |
|
|
|a <strong>On-Campus Access:</strong> No User ID or Password Required
|
| 506 |
|
|
|a Electronic access restricted to authorized BRAC University faculty, staff and students
|
| 538 |
|
|
|a Mode of access: Internet
|
| 650 |
|
4 |
|a Area Studies ; Asian Studies ; Political Science ; Social Sciences
|
| 856 |
4 |
0 |
|z Full text available on JSTOR[1932-03-03 - 1934-12-21]
|u https://www.jstor.org/journal/memoinstpacirela
|
| 856 |
4 |
0 |
|z Off-campus access
|u https://go.openathens.net/redirector/bracu.ac.bd?url=https%3A%2F%2Fwww.jstor.org%2Fjournal%2Fmemoinstpacirela
|